1860 1093 1227 1564 1906 1484 1375 1746 1681 1689 1291 1525 1186 1518 1191 1056 1139 1026 1088 1746 1647 1133 1416 1548 1558 1624 1050 1215 1306 1833 1495 1549 1037 1001 1165 1119 1977 1836 1131 1490 1621 1538 1263 1908 1488 1067 1628 1617 1192 1791 1365 1170 1162 1734 1389 1983 1338 1681 1274 1170 1327 1745 1856 1621 1981 1406 1321 1688 1582 1778 1646 1981 1281 1585 1248 1317 1995 1531 1424 1898 1564 1751 1880 1369 1861 1431 1908 1490 1072 1744 1831 1897 1122 1675 1580 1952 1876 1028 1140 BCNSPRNW ULIB Ver.6.0+V

เปลี่ยนเป็นภาษาไทย

Change to English
 แสดงรายละเอียดบรรณานุกรม
  กลับหน้าหลัก

Brief Record : Get Marc (ISO 2709) : E-mail record : QR code < ปิดหน้าต่าง
LEADER : 00000nam 2200000uu 4500
001    13399122302
003     ULIB
008    130206s2555||||th 000 0 tha d
020    ^a9789743483424
060  4 ^aWY18.2^bพ953ท
110 1  ^aเพื่อนช่วยจำ
245 00 ^aทบทวนการพยาบาลเด็กและวัยรุ่น C&ANR =^bChildren& adolescence nursing review./^cเพื่อนช่วยจำ
246 0  ^aChildren& adolescence nursing review,
260    ^aกรุงเทพฯ:^bเพื่อนช่วยจำ,^c2555
300    ^a229 หน้า
650  7 ^aการพยาบาลเด็กและวัยรุ่ย^xข้อสอบ
650  7 ^aChildren& adolescence
710 1  ^aเพื่อนช่วยจำ
945    ^p199^l0^i19840
945    ^p199^l0^i19841
945    ^p199^l0^i19842
945    ^p199^l0^i19843
945    ^p199^l0^i19844
995    ^aทศพร
999    ^aทศพร เกษรทอง
รายการนี้ยังไม่มีแท็ก
คุณยังไม่ได้ล็อกอิน คุณสามารถมีกิจกรรมร่วมกับเว็บไซต์ได้ แต่ต้องล็อกอินก่อน ::
  ล็อกอิน

รายการสื่อสารสนเทศ

ลำดับที่ ประเภท เลขเรียก/บาร์โค้ด สถานที่ สถานะ
1. Book การพยาบาล
Book การพยาบาล
WY18.2 พ953ท ฉ.1 
  Barcode: 19840
ห้องสมุดวิทยาเขตนครสวรรค์
►ส่วนจัดเก็บหนังสือเก่า นว.
บนชั้น
  ขอยืม
2. Book การพยาบาล
Book การพยาบาล
WY18.2 พ953ท ฉ.2 
  Barcode: 19841
ห้องสมุดวิทยาเขตนครสวรรค์
►ส่วนจัดเก็บหนังสือเก่า นว.
บนชั้น
  ขอยืม
3. Book การพยาบาล
Book การพยาบาล
WY18.2 พ953ท ฉ.3 
  Barcode: 19842
ห้องสมุดวิทยาเขตนครสวรรค์
►ส่วนจัดเก็บหนังสือเก่า นว.
บนชั้น
  ขอยืม
4. Book การพยาบาล
Book การพยาบาล
WY18.2 พ953ท ฉ.4 
  Barcode: 19843
ห้องสมุดวิทยาเขตนครสวรรค์
►ส่วนจัดเก็บหนังสือเก่า นว.
บนชั้น
  ขอยืม
5. Book การพยาบาล
Book การพยาบาล
WY18.2 พ953ท ฉ.5 
  Barcode: 19844
ห้องสมุดวิทยาเขตนครสวรรค์
►ส่วนจัดเก็บหนังสือเก่า นว.
บนชั้น
  ขอยืม

รายการใกล้เคียง
    หัวเรื่อง [Children& adolescence]

BibComment


ยังไม่เคยถูกคอมเมนท์

คอมเมนท์ทรัพยากรรายการนี้
  คอมเมนท์: ทบทวนการพยาบาลเด..


 Copyright 2026. Bcnsprnw @Library